Specifika drogové scény na Praze 9 : bakalářská práce / Martin Kocián ; vedoucí práce Jan Dočkal ; oponent práce Lenka Procházková
Record details
- Physical Description: 65 s. : příl. ; 31 cm
- Publisher: Praha : Univerzita Karlova v Praze, 2013
Content descriptions
| General Note: | Datum obhajoby: 30-01-2013 |
| Dissertation Note: | Bakalářská práce (Bc.)--Univerzita Karlova. Evangelická teologická fakulta, 2013 |
| Study Program Information Note: | Pastorační a sociální práce Sociální práce |
| Awards Note: | Výsledné hodnocení: Velmi dobře |
Search for related items by subject
| Subject: | Praha 9 (Česko) |
Available copies
- 1 of 1 copy available at Common Catalog SPOK.
Holds
- 0 current holds with 1 total copy.
Show Only Available Copies
| Location | Call Number / Copy Notes | Barcode | Shelving Location | Status | Due Date |
|---|---|---|---|---|---|
| Jabok Library | ABP-1924 | 424480028657 | Absolventské práce | Reference | - |
Electronic resources
Version of Resource: Zobrazení plného textu (Repozitář závěrečných prací UK)
| LDR | 01087ntm a22002897a 4500 | ||
|---|---|---|---|
| 001 | 17644 | ||
| 003 | CZ-PrJAB | ||
| 005 | 20130514113349.0 | ||
| 008 | 130423s2013 xr |||||r|||||||||||cze|d | ||
| 035 | . | ‡a(CONS)17644 | |
| 035 | . | ‡a(CZ PrCU)001569824 | |
| 040 | . | ‡aABD162 ‡bcze ‡dABG312 | |
| 072 | 7. | ‡a364 ‡xSociální problémy vyžadující podporu a pomoc. Sociální zabezpečení ‡2Konspekt ‡918 | |
| 100 | 1 | . | ‡aKocián, Martin ‡4dis |
| 245 | 1 | 0. | ‡aSpecifika drogové scény na Praze 9 : ‡bbakalářská práce / ‡cMartin Kocián ; vedoucí práce Jan Dočkal ; oponent práce Lenka Procházková |
| 246 | 3 | 3. | ‡aAnalysis of the drug scene in Prague 9 |
| 260 | . | ‡aPraha : ‡bUniverzita Karlova v Praze, ‡c2013 | |
| 300 | . | ‡a65 s. : ‡bpříl. ; ‡c31 cm | |
| 500 | . | ‡aDatum obhajoby: 30-01-2013 | |
| 502 | . | ‡aBakalářská práce (Bc.)--Univerzita Karlova. Evangelická teologická fakulta, 2013 | |
| 526 | 8 | . | ‡aPastorační a sociální práce |
| 526 | 8 | 1. | ‡aSociální práce |
| 586 | . | ‡aVýsledné hodnocení: Velmi dobře | |
| 651 | 7. | ‡aPraha 9 (Česko) ‡2czenas | |
| 653 | 0 | . | ‡adrogy ‡adrogová závislost ‡aterénní práce ‡akontaktní centrum |
| 700 | 1 | . | ‡aDočkal, Jan ‡4ths |
| 700 | 1 | . | ‡aProcházková, Lenka ‡4opn |
| 710 | 2 | . | ‡aUniverzita Karlova. ‡bJabok |
| 850 | . | ‡aETF | |
| 856 | 4 | 1. | ‡uhttps://is.cuni.cz/webapps/zzp/detail/123407 ‡yZobrazení plného textu (Repozitář závěrečných prací UK) |
| 910 | . | ‡aABG312 | |
| 901 | . | ‡a17644 ‡b ‡c17644 ‡tbiblio | |